A profile of Christian maturity: (Record no. 5906)

000 -LEADER
fixed length control field 00600nam a2200181 a 4500
001 - CONTROL NUMBER
control field :::00003649$&:&@@
003 - CONTROL NUMBER IDENTIFIER
control field OkBaRHE
005 - DATE AND TIME OF LATEST TRANSACTION
control field 20000607103309.0
008 - FIXED-LENGTH DATA ELEMENTS--GENERAL INFORMATION
fixed length control field s1976 j 000 0 eng u
040 ## - CATALOGING SOURCE
Transcribing agency
100 1# - MAIN ENTRY--PERSONAL NAME
Personal name Getz, Gene A.
245 12 - TITLE STATEMENT
Title A profile of Christian maturity:
Remainder of title a study of Philippians.
260 ## - PUBLICATION, DISTRIBUTION, ETC. (IMPRINT)
Place of publication, distribution, etc Grand Rapids, MI., :
Name of publisher, distributor, etc Zondervan
Date of publication, distribution, etc c1976
300 ## - PHYSICAL DESCRIPTION
Extent 185 p. : map ;
Dimensions 18 cm.
650 ## - SUBJECT ADDED ENTRY--TOPICAL TERM
Topical term or geographic name as entry element Bible New Testament Philippians
General subdivision Study
-- Text-books
942 ## - ADDED ENTRY ELEMENTS (KOHA)
Source of classification or shelving scheme
Koha item type Books
Copies
Koha item type Lost status Full call number Shelving location Source of classification or shelving scheme Withdrawn status Price effective from Date last seen Damaged status Not for loan Barcode Date acquired Copy number Permanent Location
Books BS 2705.5 .G47General Stacks  2010-04-142018-04-03  36492010-04-141RHEMA Bible Training College